00647nam a2200193 a 450000100100000000500170001000800410002702000180006804000250008608200130011110000430012424500800016726000370024730000210028449000140030550000570031950000630037683000140043900002076320200930011145.0100813s2016 dr 000 0 spa d a9789945084825 aDO-SdBNPbspacBNPHU axxxbxxx1 aPeña Fermín, Carlos Manuel,d1953-13aNegro dulce sangre amarga :bdiga perejil /cCarlos Manuel Peña Fermín. aSanto Domingo :bPremium,c2016. a144 p. ;c22 cm.1 aEl Guabay aIncluye datos biográficos del autor en las solapas aLa biblioteca posee 1 ejemplar autográfiado por el autor 0aEl Guabay